<?xml version='1.0' encoding='UTF-8'?>
  <record xmlns="http://www.loc.gov/MARC21/slim">
    <leader>00000cem a22000007i 4500</leader>
    <controlfield tag="001">ocn931919173</controlfield>
    <controlfield tag="003">OCoLC</controlfield>
    <controlfield tag="005">20250528190908.2</controlfield>
    <controlfield tag="007">au auuun</controlfield>
    <controlfield tag="008">150904s1555    be        u     0   und d</controlfield>
    <datafield tag="040" ind1=" " ind2=" ">
      <subfield code="a">NLGGC</subfield>
      <subfield code="b">dut</subfield>
      <subfield code="e">fobidrtb</subfield>
      <subfield code="c">NLGGC</subfield>
      <subfield code="d">QGJ</subfield>
      <subfield code="d">OCLCL</subfield>
      <subfield code="d">OCLCQ</subfield>
    </datafield>
    <datafield tag="035" ind1=" " ind2=" ">
      <subfield code="a">(OCoLC)931919173</subfield>
    </datafield>
    <datafield tag="100" ind1="1" ind2=" ">
      <subfield code="a">Gastaldi, Giacomo,</subfield>
      <subfield code="d">ca. 1500-ca. 1565.</subfield>
    </datafield>
    <datafield tag="245" ind1="1" ind2="0">
      <subfield code="a">Universalis exactissima atque non recens modo, verum et recentioribus nominibus totius orbis insignita descriptio: quo nomine studiosis omnibus non tam utilis quam maxime necessaria /</subfield>
      <subfield code="c">per Jacobum Castaldum Pedemont, Cosmogr. aput Venetos.</subfield>
    </datafield>
    <datafield tag="260" ind1=" " ind2=" ">
      <subfield code="a">Antverpiae :</subfield>
      <subfield code="b">Gerardo Judeo,</subfield>
      <subfield code="c">1555.</subfield>
    </datafield>
    <datafield tag="300" ind1=" " ind2=" ">
      <subfield code="a">1 krt. :</subfield>
      <subfield code="b">koperdiepdr. ;</subfield>
      <subfield code="c">48 x 81 cm, twee aan elkaar gemonteerde bladen.</subfield>
    </datafield>
    <datafield tag="336" ind1=" " ind2=" ">
      <subfield code="a">cartografische afbeelding</subfield>
      <subfield code="b">cri</subfield>
      <subfield code="2">rdacontent/dut</subfield>
    </datafield>
    <datafield tag="337" ind1=" " ind2=" ">
      <subfield code="a">zonder medium</subfield>
      <subfield code="b">n</subfield>
      <subfield code="2">rdamedia/dut</subfield>
    </datafield>
    <datafield tag="338" ind1=" " ind2=" ">
      <subfield code="a">vel</subfield>
      <subfield code="b">nb</subfield>
      <subfield code="2">rdacarrier/dut</subfield>
    </datafield>
    <datafield tag="500" ind1=" " ind2=" ">
      <subfield code="a">In de literatuur (T.A.G. 1912: p. 7; Petermanns Mitteilungen, Erganzungsheft nr. 199, 1928, p. 76; Denucé, Nederl. Kaartmakers, I, p. 172) wordt deze kaart ten onrechte als een uitgave van Gerard de Jode genoemd. Het is een Italiaanse uitgave van Jac. Gastaldi's wereldkaart uit 1546, op de markt gebracht door Ger. de Jode te Antwerpen in 1555, zoals uit de aangehechte strook boven aan de kaart blijkt. Als zodanig waarschijnlijk uniek.</subfield>
    </datafield>
    <datafield tag="500" ind1=" " ind2=" ">
      <subfield code="a">Zie: 'Toonneel des Aerdrijcx', nr. 2a; Tooley, R.V., Maps in Italian atlases of the sixteenth century. In: 'Imago Mundi' III (1939), p. 12-47.</subfield>
    </datafield>
    <datafield tag="655" ind1=" " ind2="7">
      <subfield code="a">Kaarten (vorm)</subfield>
      <subfield code="0">(NL-LeOCL)088143554.</subfield>
      <subfield code="2">gtt</subfield>
    </datafield>
    <datafield tag="758" ind1=" " ind2=" ">
      <subfield code="a">Universalis exactissima atque non recens modo, verum et recentioribus nominibus totius orbis insignita descriptio: quo nomine studiosis omnibus non tam utilis quam maxime necessaria (CartographicMaterial)</subfield>
      <subfield code="1">https://id.oclc.org/worldcat/entity/E39PD3TMKqRv83KrV8MQYjWfJC</subfield>
      <subfield code="4">https://id.oclc.org/worldcat/ontology/hasWork</subfield>
    </datafield>
    <datafield tag="856" ind1="4" ind2="1">
      <subfield code="u">http://objects.library.uu.nl/reader/resolver.php?obj=002028986&amp;type=2</subfield>
      <subfield code="x">Online</subfield>
      <subfield code="z">Full image</subfield>
    </datafield>
    <datafield tag="936" ind1=" " ind2=" ">
      <subfield code="a">BATCHLOAD</subfield>
    </datafield>
  </record>